Trouvez les paroles - Eve lève-toi - Julie Petri - Statistiques

Statistiques générales
  • Ce quiz a été pris 77 fois
  • Le résultat moyen est 179 sur 242
Statistiques - réponses
Réponse % Correct
ève
100%
le
100%
lève
100%
toi
100%
a
98%
à
98%
de
98%
la
95%
95%
avec
92%
et
92%
moi
92%
vie
92%
danse
91%
jusqu'
91%
ta
91%
en
89%
est
89%
enfant
88%
voix
88%
grandi
86%
ont
86%
tes
86%
venu
86%
enfants
84%
je
81%
l'écho
81%
un
80%
elle
77%
comme
73%
les
72%
serai
72%
femme
70%
oh
69%
pour
69%
donnant
67%
son
66%
unique
63%
mal
61%
péché
61%
désir
59%
par
58%
du
55%
aux
53%
yeux
53%
jour
52%
que
52%
sur
52%
serpent
50%
ses
48%
amour
47%
pâles
47%
empire
45%
pas
45%
s'endort
45%
ton
45%
ciel
44%
bible
42%
brisé
42%
coeur
42%
ne
42%
aventure
41%
d'afrique
41%
l'enfer
41%
velours
41%
bleu
39%
couleur
39%
future
39%
musique
39%
perdu
39%
premier
39%
d'amour
38%
délaissée
38%
Dieu
38%
fille
38%
sourire
38%
chagrin
36%
corps
36%
mortel
36%
plus
36%
punit
34%
trésors
34%
amère
31%
mots
31%
rien
31%
délire
30%
petit
30%
pleure
30%
regarde
30%
goûté
28%
interdits
28%
plaisirs
28%
saveur
28%
pierre
25%
dessine
23%
histoire
23%
temps
22%
chemin
20%
d'hommes
20%
n'aime
16%
s'efface
16%
Aucun quiz correspondant
Distribution des résultats
% des personnes avec chaque résultat
Percentile par nombre de réponses
Votre historique - résultats
Vous n’avez pas pris ce quiz